logo

Bir Sreshtho Munshi Abdur Rouf Library
Jhenaidah Cadet College

The macroeconomics of HIV/AIDS / (Record no. 5185)

MARC details
000 -LEADER
fixed length control field 01635cam a22003017a 4500
001 - CONTROL NUMBER
JCCL Control Number 5185
003 - CONTROL NUMBER IDENTIFIER
JCCL marc code BD-JhCC
005 - DATE AND TIME OF LATEST TRANSACTION
control field 20171212112304.0
008 - FIXED-LENGTH DATA ELEMENTS--GENERAL INFORMATION
fixed length control field 050331s2004 dcua bs 000 0 eng d
020 ## - INTERNATIONAL STANDARD BOOK NUMBER
International Standard Book Number 1589063600
035 ## - SYSTEM CONTROL NUMBER
system control number (BD-JhCC)5185
040 ## - CATALOGING SOURCE
Original cataloging agency DJB
Transcribing agency DJB
Modifying agency OCLCQ
-- DLC
-- BD-JhCC
041 ## - LANGUAGE CODE
Language code of Book eng
050 00 - LIBRARY OF CONGRESS CALL NUMBER
Classification number RA643.8
Item number .M33 2004
082 00 - DEWEY DECIMAL CLASSIFICATION NUMBER
Classification number 362.196/9792
DDC Edition number 22
Author mark and Year MAC 2004
245 04 - TITLE STATEMENT
Title The macroeconomics of HIV/AIDS /
Statement of responsibility, etc editor, Markus Haacker.
260 ## - PUBLICATION, DISTRIBUTION, ETC. (IMPRINT)
Place of publication, distribution, etc [Washington, D.C.] :
Name of publisher, distributor, etc International Monetary Fund,
Date of publication, distribution, etc c2004.
300 ## - PHYSICAL DESCRIPTION
Pagination xvii, 344 p. :
Other physical details ill. ;
Dimensions 23 cm.
504 ## - BIBLIOGRAPHY, ETC. NOTE
Bibliography, etc Includes bibliographical references.
505 00 - FORMATTED CONTENTS NOTE
Title The demographic impact of HIV/AIDS /
-- HIV/AIDS: the impact on the social fabric and the economy /
-- Thinking about the long-run economic costs of AIDS /
-- AIDS and the accumulation and utilization of human capital in Africa /
-- The impact of HIV/AIDS on poverty and inequality /
-- Welfare implications of HIV/AIDS /
-- The impact of HIV/AIDS on government finance and public services /
-- Financial effects of HIV/AIDS on national social protection schemes /
-- An economic assessment of Botswana's national strategic framework for HIV/AIDS /
-- Impact of the HIV/AIDS epidemic on the health sectors of developing countries /
650 #0 - SUBJECT ADDED ENTRY--TOPICAL TERM
Topical term or geographic name as entry element AIDS (Disease)
General subdivision Economic aspects
Geographic subdivision Developing countries.
650 #0 - SUBJECT ADDED ENTRY--TOPICAL TERM
Topical term or geographic name as entry element AIDS (Disease)
General subdivision Economic aspects
Geographic subdivision Developing countries
Form subdivision Statistics.
700 1# - ADDED ENTRY--PERSONAL NAME
Personal name Haacker, Markus.
710 2# - ADDED ENTRY--CORPORATE NAME
Corporate name or jurisdiction name as entry element International Monetary Fund.
856 41 - ELECTRONIC LOCATION AND ACCESS
Materials specified Full text ;
Public note in .pdf format:
Uniform Resource Identifier http://www.imf.org/external/pubs/ft/AIDS/eng/index.htm
942 ## - ADDED ENTRY ELEMENTS (KOHA)
Source of classification or shelving scheme Dewey Decimal Classification
Koha item type Books
Holdings
Source of classification or shelving scheme Damaged status Not for loan Home library Current library Shelving location Date of accession Cost, normal purchase price Total Checkouts Full call number Barcode Date last seen Copy number Koha item type
Dewey Decimal Classification     JCC Rouf Library JCC Rouf Library General Stacks 12/10/17 20.00   362.196/9792 MAC 2004 7099 12/10/2017 C-1 Books

JCC Library | Contacts | JCC Home

Last Update on 23 September 2017
Copyright @ 2017-2020 JCC Rouf Library
Rouf Library, Jhenidah Cadet College (JCC), Bangladesh